000 00348nam a2200121Ia 4500
008 250110s9999 xx 000 0 und d
041 _aeng
100 _aShedge Shraddha
_9182643
245 _aDilasa : Old Age Homes At Ptahardi Nashik
260 _bFinal Year B.Arch ID, Pune
_c2014
300 _a78p
700 _aGuide Name:Gokhale Vasudha
_9210318
999 _c363510
_d363510